|
|
|
|
| LEADER |
00000cam a22000004a 4500 |
| 001 |
musev2_87128 |
| 003 |
MdBmJHUP |
| 005 |
20230905052923.0 |
| 006 |
m o d |
| 007 |
cr||||||||nn|n |
| 008 |
111013s2012 kyu o 00 0 eng d |
| 010 |
|
|
|z 2011041792
|
| 020 |
|
|
|a 9780879074760
|
| 020 |
|
|
|z 0879074760
|
| 020 |
|
|
|z 9780879070281
|
| 020 |
|
|
|z 0879070285
|
| 040 |
|
|
|a MdBmJHUP
|c MdBmJHUP
|
| 100 |
1 |
|
|a McCabe, Maureen F.,
|e author.
|
| 245 |
1 |
0 |
|a I Am the Way :
|b Stages of Prayer in Saint Bernard /
|c Maureen F. McCabe.
|
| 264 |
|
1 |
|a Collegeville, Minn. :
|b Liturgical Press,
|c [2012]
|
| 264 |
|
3 |
|a Baltimore, Md. :
|b Project MUSE,
|c 0000
|
| 264 |
|
4 |
|c ©[2012]
|
| 300 |
|
|
|a 1 online resource (124 pages).
|
| 336 |
|
|
|a text
|b txt
|2 rdacontent
|
| 337 |
|
|
|a computer
|b c
|2 rdamedia
|
| 338 |
|
|
|a online resource
|b cr
|2 rdacarrier
|
| 490 |
0 |
|
|a Monastic wisdom series ;
|v 28
|
| 505 |
0 |
|
|a The return to the heart -- Pain punctures : miseria/compunctio -- Jesus, one of us -- Jesus, the truth of our lives -- At the feet of Jesus -- Love's claim -- Devotion : what return can I make to the Lord? -- Keeping vigil -- The prayers -- Works and prayer : pietas -- Interior solitude -- Knowing Jesus -- Crossing over -- Contemplatio/quies -- The Word : we have seen His glory -- One spirit with Him -- The mysticism of obedience -- Contemplative fruitfulness.
|
| 588 |
|
|
|a Description based on print version record.
|
| 600 |
0 |
7 |
|a Bernard,
|c of Clairvaux, Saint,
|d 1090 or 1091-1153
|2 fast
|0 (OCoLC)fst01807771
|
| 600 |
0 |
0 |
|a Bernard,
|c of Clairvaux, Saint,
|d 1090 or 1091-1153.
|
| 650 |
|
7 |
|a Contemplation.
|2 fast
|0 (OCoLC)fst00876612
|
| 650 |
|
0 |
|a Contemplation.
|
| 655 |
|
7 |
|a Electronic books.
|2 local
|
| 710 |
2 |
|
|a Project Muse.
|e distributor
|
| 830 |
|
0 |
|a Book collections on Project MUSE.
|
| 856 |
4 |
0 |
|z Texto completo
|u https://projectmuse.uam.elogim.com/book/87128/
|
| 945 |
|
|
|a Project MUSE - Custom Collection
|